Tampere–Pirkkala Airport Destinations (Tampere, Finland) - Statistics

General Stats
  • This quiz has been taken 62 times
    33 since last reset
  • The average score is 2 of 5
Answer Stats
Airline Destination % Correct
airBaltic Riga
100%
airBaltic Málaga
37%
Aegean Airlines Chania
19%
airBaltic Kittilä
19%
airBaltic Gran Canaria
11%
No matching quizzes found
Score Distribution
Percent of People with Each Score
Percentile by Number Answered
Your Score History
You have not taken this quiz since the last reset